000 00436nam a2200133Ia 4500
008 220217s9999 xx 000 0 und d
245 0 _aFlexible cellular polymeric materials- Determination of compression set
260 _aGeneva,Switzerland
260 _c2000
_bInternational Organization for Standardization
490 _aInternational Standard
500 _aStandard number: ISO 1856
650 _aPolymeric materials
942 _cST
999 _c74055
_d74055